La nueva filosofía de la ciencia /

Uloženo v:
Podrobná bibliografie
Hlavní autor: Brown, Harold I. (autor)
Médium: Kniha
Jazyk:španělština
Vydáno: Madrid, España : Tecnos, 1998, c1998
Vydání:4a edición
Edice:(Filosofía y Ensayo)
Témata:
Tagy: Přidat tag
Žádné tagy, Buďte první, kdo vytvoří štítek k tomuto záznamu!

MARC

LEADER 00000nam^a2200000^a^4500
001 000160874
005 20250521000000.0
009 20260526125140.33
020 |a 84-309-0971-0 
037 |a Acervo ITESO - Biblioteca 
041 |a ESP 
082 |a 121.  |b BRO 
100 |a Brown, Harold I.  |e (autor) 
245 1 3 |a La nueva filosofía de la ciencia /  |c H.I. Brown ; tr. por Guillermo Solana Díez, Hubert Marraud González. 
250 |a 4a edición 
264 4 |a Madrid, España :  |b Tecnos,  |c 1998, c1998 
300 |a 235 p. 
336 |a texto  |b txt  |2 rdacontenido 
337 |a sin mediación  |b n  |2 rdamedio 
338 |a volumen  |b nc  |2 rdasoporte 
440 1 |a (Filosofía y Ensayo) 
500 |a Traducción de: Perception, Theory and Commitment. The New Philosophy of Science 
649 |a XX 
650 |a Filósofos Ingleses 
650 |a Filósofos Austríacos 
650 |a Lógica Matemática 
650 |a Método Científico 
650 |a Metodología 
650 |a Epistemología 
650 |a Descubrimientos Científicos 
650 |a Investigación 
650 |a Ciencia -  |x Historia 
650 |a Empirismo 
650 |a Hume, David 
650 |a Popper, Karl R. 
910 |a Fondo General 
920 |a Impresos - Libros 
930 |a Colección General 
905 |a 101 
901 |a 0500092811  |b IT1  |c ACC  |u 20250521 
902 |a https://opac.biblio.iteso.mx/vufind/Record/000160874